[Event "POL-chT 2nd League"]
[Site "Poronin"]
[Date "2020.09.13"]
[Round "9.17"]
[White "Lukasik, Adam"]
[Black "Stankiewicz, Pawel"]
[Result "1/2-1/2"]
[WhiteElo "2010"]
[BlackElo "2111"]
[PlyCount "22"]
[EventDate "2020.09.05"]
[EventType "team-swiss"]
[EventRounds "9"]
[EventCountry "POL"]
[SourceTitle "CBM 198 Extra"]
[Source "ChessBase"]
[SourceDate "2020.11.30"]
[SourceVersion "1"]
[SourceVersionDate "2020.11.30"]
[SourceQuality "1"]
[WhiteTeam "Siedlce KSz Skoczek"]
[BlackTeam "Zarow Goniec"]
[WhiteTeamCountry "POL"]
[BlackTeamCountry "POL"]

1. d4 Nf6 2. Nf3 e6 3. c4 b6 4. g3 Bb7 5. Bg2 Be7 6. 0-0 0-0 7. d5 Na6 8. Nc3 Nc5 9. Nd4 a5 10. Bf4 Rb8 11. Rc1 d6 1/2-1/2

[Event "POL-chT 2nd League"]
[Site "Poronin"]
[Date "2020.09.11"]
[Round "7.17"]
[White "Lukasik, Adam"]
[Black "Chojnacki, Slawomir"]
[Result "1/2-1/2"]
[WhiteElo "2010"]
[BlackElo "2206"]
[PlyCount "122"]
[EventDate "2020.09.05"]
[EventType "team-swiss"]
[EventRounds "9"]
[EventCountry "POL"]
[SourceTitle "CBM 198 Extra"]
[Source "ChessBase"]
[SourceDate "2020.11.30"]
[SourceVersion "1"]
[SourceVersionDate "2020.11.30"]
[SourceQuality "1"]
[WhiteTeam "Siedlce KSz Skoczek"]
[BlackTeam "Chroscice Victoria"]
[WhiteTeamCountry "POL"]
[BlackTeamCountry "POL"]

1. d4 d5 2. Nf3 Nf6 3. c4 e6 4. g3 c6 5. Nbd2 b5 6. b3 Be7 7. Bg2 0-0 8. 0-0 a5 9. a3 Nbd7 10. Qc2 Ba6 11. Re1 Rc8 12. c5 Qc7 13. b4 Ra8 14. Bb2 Ra7 15. Bc3 a4 16. h3 Qb8 17. Rad1 Bd8 18. Ne5 Nxe5 19. dxe5 Nd7 20. e4 Bc7 21. f4 Re8 22. Nf3 Nf8 23. Nd4 Qa8 24. Qe2 Bc8 25. Qh5 Bd7 26. Re2 Ng6 27. Nf3 Bd8 28. Ng5 Bxg5 29. Qxg5 Ne7 30. Rf1 h6 31. Qh5 dxe4 32. Bxe4 Nd5 33. Bd2 Re7 34. g4 Qf8 35. Rg2 Be8 36. Qh4 Kh8 37. Qg3 f6 38. Bb1 fxe5 39. Qd3 g6 40. fxe5 Rf7 41. Rgf2 Qg7 42. Qd4 g5 43. Qe4 Rxf2 44. Rxf2 Rf7 45. Rxf7 Bxf7 46. Kg2 Bg8 47. Kg3 Bh7 48. Qxh7+ Qxh7 49. Bxh7 Kxh7 50. Kf3 Kg6 51. Ke4 Ne7 52. Be1 h5 53. Kf3 Kh6 54. Ke4 Kg6 55. Kf3 Ng8 56. Bf2 Ne7 57. Be1 Kh6 58. Ke4 Ng6 59. Bd2 Nh4 60. Bc1 Ng6 61. Be3 Ne7 1/2-1/2

[Event "POL-chT 2nd League"]
[Site "Poronin"]
[Date "2020.09.07"]
[Round "3.18"]
[White "Lukasik, Adam"]
[Black "Kujawski, Adam"]
[Result "0-1"]
[WhiteElo "2010"]
[BlackElo "2201"]
[PlyCount "170"]
[EventDate "2020.09.05"]
[EventType "team-swiss"]
[EventRounds "9"]
[EventCountry "POL"]
[SourceTitle "CBM 198 Extra"]
[Source "ChessBase"]
[SourceDate "2020.11.30"]
[SourceVersion "1"]
[SourceVersionDate "2020.11.30"]
[SourceQuality "1"]
[WhiteTeam "Siedlce KSz Skoczek"]
[BlackTeam "Bydgoszcz Hetman"]
[WhiteTeamCountry "POL"]
[BlackTeamCountry "POL"]

1. d4 Nf6 2. Nf3 c5 3. c4 cxd4 4. Nxd4 Nc6 5. Nc3 e6 6. Ndb5 d5 7. cxd5 Nxd5 8. e4 Nxc3 9. Qxd8+ Kxd8 10. Nxc3 Bc5 11. Bc4 Ke7 12. 0-0 a6 13. a4 Ne5 14. Be2 Rd8 15. Bf4 Nd3 16. Bxd3 Rxd3 17. Rfd1 Rxd1+ 18. Rxd1 Bd7 19. e5 Bc6 20. Kf1 f6 21. f3 Rd8 22. Rxd8 Kxd8 23. Ke2 Bd4 24. exf6 gxf6 25. a5 f5 26. Kd3 Bf6 27. Be3 Kd7 28. Bc5 e5 29. Ke3 Bg5+ 30. Kd3 Ke6 31. b4 h5 32. h3 Bh4 33. Bf8 Be1 34. Bc5 Kf6 35. Bd6 Bg3 36. Bc5 Ke6 37. Bf8 Be1 38. Bc5 Bh4 39. Bf8 Kf7 40. Bd6 Bg3 41. Bc5 Be1 42. Bd6 Ke6 43. Bc5 Be8 44. Bf8 Bg6 45. Bc5 Bh4 46. Bf8 Bg5 47. Bc5 e4+ 48. fxe4 fxe4+ 49. Ke2 Ke5 50. Kf2 Be8 51. Ke2 Bd7 52. Kf2 Bd2 53. Nb1 Bc1 54. Nc3 Bg5 55. Ke2 Be6 56. Kf2 Bc4 57. Nd1 Bd2 58. Ne3 Bb5 59. Kg3 Be1+ 60. Kh2 Bd3 61. g3 Be2 62. Nc2 Bc3 63. Ne3 Be1 64. Nc2 Bd2 65. Ne3 Bd3 66. Kg2 Be1 67. Kh2 Ke6 68. Kg2 Be2 69. Nc2 Bf3+ 70. Kh2 Bd2 71. Kg1 Kd5 72. Ne3+ Kc6 73. Kf2 Kb5 74. g4 hxg4 75. hxg4 Bxb4 76. Bxb4 Kxb4 77. g5 Bh5 78. Nf5 Kxa5 79. Ke3 Kb4 80. Ng3 Bg6 81. Nxe4 a5 82. Kd4 a4 83. Nc3 a3 84. Na2+ Kb3 85. Nc3 b6 0-1

[Event "POL-chT 2nd League"]
[Site "Jastrzebia Gora"]
[Date "2019.09.13"]
[Round "7.14"]
[White "Kubica, Kamil"]
[Black "Lukasik, Adam"]
[Result "1/2-1/2"]
[WhiteElo "2099"]
[BlackElo "1982"]
[PlyCount "39"]
[EventDate "2019.09.07"]
[EventType "team-swiss"]
[EventRounds "9"]
[EventCountry "POL"]
[SourceTitle "EXT 2020"]
[Source "ChessBase"]
[SourceDate "2019.10.17"]
[SourceVersion "1"]
[SourceVersionDate "2019.10.17"]
[SourceQuality "1"]
[WhiteTeam "Czerwionka Leszczyny Skoczek"]
[BlackTeam "Siedlce KSz Skoczek"]
[WhiteTeamCountry "POL"]
[BlackTeamCountry "POL"]

1. d4 d6 2. e4 Nf6 3. Nc3 e5 4. Nf3 Nbd7 5. Bc4 Be7 6. a4 c6 7. 0-0 0-0 8. Re1 a5 9. h3 exd4 10. Qxd4 Nc5 11. Bf4 Be6 12. Rad1 Qb6 13. Bxe6 fxe6 14. Bxd6 Bxd6 15. Qxd6 Rad8 16. Qe7 Rde8 17. Qd6 Rd8 18. Qe7 Rde8 19. Qd6 Rd8 20. Qe7 1/2-1/2

[Event "POL-chT 2nd League"]
[Site "Jastrzebia Gora"]
[Date "2019.09.08"]
[Round "2.1"]
[White "Lukasik, Adam"]
[Black "Szoen, Dariusz"]
[Result "0-1"]
[WhiteElo "1982"]
[BlackElo "2415"]
[PlyCount "62"]
[EventDate "2019.09.07"]
[EventType "team-swiss"]
[EventRounds "9"]
[EventCountry "POL"]
[SourceTitle "EXT 2020"]
[Source "ChessBase"]
[SourceDate "2019.10.17"]
[SourceVersion "1"]
[SourceVersionDate "2019.10.17"]
[SourceQuality "1"]
[WhiteTeam "Siedlce KSz Skoczek"]
[BlackTeam "Dabrowa Gornicza Zaglebie"]
[WhiteTeamCountry "POL"]
[BlackTeamCountry "POL"]

1. d4 d5 2. Nf3 Nc6 3. Bf4 Bf5 4. e3 e6 5. Bd3 Bg6 6. a3 Bd6 7. Bg3 Nge7 8. c4 dxc4 9. Bxc4 Nf5 10. Bxd6 Nxd6 11. Bd3 Qf6 12. Nc3 0-0-0 13. 0-0 e5 14. dxe5 Nxe5 15. Nxe5 Qxe5 16. Qe2 Rhe8 17. Rfd1 Bh5 18. g4 Bg6 19. h3 f5 20. Nd5 Kb8 21. Nf4 Bf7 22. g5 g6 23. Rac1 Qe7 24. h4 h6 25. Nh3 hxg5 26. hxg5 Rh8 27. Qf3 Rh4 28. Bf1 Rdh8 29. Bg2 Ne4 30. Rd4 Rxh3 31. Rxe4 fxe4 0-1

[Event "POL-chT 2nd League"]
[Site "Jastrzebia Gora"]
[Date "2019.09.07"]
[Round "1.19"]
[White "Lukasik, Adam"]
[Black "Aleksandrowicz, Marek"]
[Result "1-0"]
[WhiteElo "1982"]
[BlackElo "1875"]
[PlyCount "47"]
[EventDate "2019.09.07"]
[EventType "team-swiss"]
[EventRounds "9"]
[EventCountry "POL"]
[SourceTitle "EXT 2020"]
[Source "ChessBase"]
[SourceDate "2019.10.17"]
[SourceVersion "1"]
[SourceVersionDate "2019.10.17"]
[SourceQuality "1"]
[WhiteTeam "Siedlce KSz Skoczek"]
[BlackTeam "Lipusz WDA"]
[WhiteTeamCountry "POL"]
[BlackTeamCountry "POL"]

1. d4 d5 2. Nf3 Nf6 3. c4 c6 4. e3 e6 5. Nc3 Nbd7 6. Bd3 dxc4 7. Bxc4 b5 8. Bd3 b4 9. Ne4 Nxe4 10. Bxe4 Bb7 11. 0-0 Bd6 12. Qe2 0-0 13. b3 f5 14. Bd3 c5 15. Bb2 Qe7 16. e4 cxd4 17. Nxd4 fxe4 18. Bxe4 Qh4 19. f4 Rxf4 20. Bxb7 Rxf1+ 21. Kxf1 Rf8+ 22. Nf3 Bxh2 23. Qxe6+ Kh8 24. Qxd7 1-0

[Event "POL-chT 2nd League"]
[Site "Jastrzebia Gora"]
[Date "2018.09.06"]
[Round "6.106"]
[White "Liberadzki, Slawomir"]
[Black "Lukasik, Adam"]
[Result "1-0"]
[WhiteElo "1955"]
[BlackElo "1985"]
[PlyCount "95"]
[EventDate "2018.09.01"]
[EventType "team-swiss"]
[EventRounds "9"]
[EventCountry "POL"]
[SourceTitle "CBM 186 Extra"]
[Source "ChessBase"]
[SourceDate "2018.08.24"]
[SourceVersion "1"]
[SourceVersionDate "2018.08.24"]
[SourceQuality "1"]
[WhiteTeam "Warszawa Skoczek Trojanski"]
[BlackTeam "Siedlce KSz Skoczek"]
[WhiteTeamCountry "POL"]
[BlackTeamCountry "POL"]

1. e4 d6 2. d4 Nf6 3. Nc3 e5 4. Nge2 Be7 5. g3 0-0 6. Bg2 Nbd7 7. 0-0 c6 8. a4 Re8 9. h3 Bf8 10. g4 g6 11. f4 exd4 12. Nxd4 Nc5 13. Re1 Bg7 14. g5 Nfd7 15. Be3 a5 16. Qd2 Qc7 17. Rad1 h6 18. gxh6 Bxh6 19. Nde2 Bf8 20. Ng3 Qd8 21. Bf2 Qf6 22. Bd4 Qh4 23. Bf2 Qh6 24. Be3 Qh7 25. Qf2 Qh4 26. b3 Ne6 27. Nce2 Be7 28. Rf1 Ng7 29. Nd4 Nh5 30. Nxh5 Qxh5 31. Nf3 Nf6 32. e5 Ne4 33. Qe1 dxe5 34. Nxe5 Bb4 35. Bf3 Qxh3 36. Qe2 Nc3 37. Qf2 Nxd1 38. Rxd1 Be6 39. Bd4 Red8 40. Rd3 Qh6 41. Bg4 c5 42. Bxe6 fxe6 43. Ng4 Qf8 44. Be5 Rxd3 45. cxd3 Kf7 46. Qh4 Qe7 47. Qh7+ Ke8 48. Nf6+ 1-0

[Event "POL-chT 2nd League"]
[Site "Jastrzebia Gora"]
[Date "2018.09.02"]
[Round "2.82"]
[White "Piliczewski, Bogusz"]
[Black "Lukasik, Adam"]
[Result "1-0"]
[WhiteElo "2042"]
[BlackElo "1985"]
[PlyCount "61"]
[EventDate "2018.09.01"]
[EventType "team-swiss"]
[EventRounds "9"]
[EventCountry "POL"]
[SourceTitle "CBM 186 Extra"]
[Source "ChessBase"]
[SourceDate "2018.08.24"]
[SourceVersion "1"]
[SourceVersionDate "2018.08.24"]
[SourceQuality "1"]
[WhiteTeam "Gdansk Korona"]
[BlackTeam "Siedlce KSz Skoczek"]
[WhiteTeamCountry "POL"]
[BlackTeamCountry "POL"]

1. d4 d6 2. Nf3 Nf6 3. Bf4 g6 4. h3 Bg7 5. e3 0-0 6. c4 Nbd7 7. Nc3 Qe8 8. Bh2 a6 9. Be2 e5 10. 0-0 Qe7 11. c5 Rd8 12. cxd6 cxd6 13. Qb3 exd4 14. exd4 Nb8 15. Rfe1 Qc7 16. Rac1 Qa5 17. Bc4 Rd7 18. Ne4 d5 19. Nxf6+ Bxf6 20. Bxd5 Nc6 21. Rxc6 bxc6 22. Bxc6 Raa7 23. Bxd7 Rxd7 24. Re8+ Kg7 25. Rxc8 Bxd4 26. Qa3 Qb6 27. Nxd4 Qxd4 28. Qf8+ Kf6 29. Qh8+ Kg5 30. Qxd4 Rxd4 31. f4+ 1-0

[Event "Mazowiec-chT 1718"]
[Site "Warsaw"]
[Date "2017.12.03"]
[Round "1.18"]
[White "Kaczmarska, Joanna"]
[Black "Lukasik, Adam"]
[Result "1-0"]
[WhiteElo "2037"]
[BlackElo "1949"]
[PlyCount "107"]
[EventDate "2017.12.03"]
[EventType "team-tourn"]
[EventRounds "10"]
[EventCountry "POL"]
[SourceTitle "EXT 2020"]
[Source "ChessBase"]
[SourceDate "2019.10.17"]
[SourceVersion "1"]
[SourceVersionDate "2019.10.17"]
[SourceQuality "1"]

1. e4 d6 2. d4 Nf6 3. Nc3 e5 4. d5 Nbd7 5. Be3 Be7 6. g3 c6 7. Bg2 cxd5 8. exd5 Nb6 9. b3 Bf5 10. h3 Rc8 11. Nge2 a6 12. g4 Bg6 13. Qd2 h6 14. f4 Nfd7 15. 0-0 exf4 16. Nxf4 Ne5 17. Nxg6 fxg6 18. Ne4 Nbd7 19. Bd4 Rf8 20. c4 Rf7 21. Rxf7 Kxf7 22. c5 dxc5 23. Qf4+ Bf6 24. Nd6+ Kg8 25. Nxc8 cxd4 26. Nd6 d3 27. Kh1 Nxg4 28. Rd1 Nge5 29. Ne4 Bh4 30. Nf2 g5 31. Qd4 Bxf2 32. Qxf2 g4 33. Qg3 Qa5 34. d6 Qxa2 35. Bd5+ Kh8 36. Qg2 Qa3 37. hxg4 Qxd6 38. Bxb7 Nf6 39. Bc8 Qd4 40. Qa8 Qd8 41. Bb7 Qxa8 42. Bxa8 Nfxg4 43. Kg1 Ne3 44. Rd2 a5 45. Be4 Nc2 46. Kf2 Nd4 47. Rb2 g5 48. Ke3 Nc2+ 49. Kd2 a4 50. Bxd3 Nxd3 51. Rxc2 Nb4 52. Rc4 Nd5 53. bxa4 h5 54. Rc5 1-0

[Event "Mazowiec-chT 1617"]
[Site "Warsaw"]
[Date "2017.02.05"]
[Round "9.2"]
[White "Suliborski, Jakub"]
[Black "Lukasik, Adam"]
[Result "1-0"]
[WhiteElo "2089"]
[BlackElo "1984"]
[PlyCount "69"]
[EventDate "2016.12.11"]
[EventType "team-tourn"]
[EventRounds "10"]
[EventCountry "POL"]
[SourceTitle "EXT 2019"]
[Source "ChessBase"]
[SourceDate "2018.10.10"]
[SourceVersion "1"]
[SourceVersionDate "2018.10.10"]
[SourceQuality "1"]

1. d4 d6 2. Nc3 e5 3. dxe5 dxe5 4. Qxd8+ Kxd8 5. e4 Be6 6. f4 exf4 7. Bxf4 Nd7 8. Nb5 Bb4+ 9. c3 Ba5 10. Nf3 Ngf6 11. Ng5 Re8 12. Nd4 Bd5 13. 0-0-0 Nxe4 14. Nf5 Bxa2 15. Rxd7+ Kxd7 16. Bb5+ c6 17. Rd1+ Bd5 18. Rxd5+ Kc8 19. Nxe4 Rxe4 20. Nd6+ Kd8 21. Nxb7+ Ke7 22. Bd6+ Ke6 23. Bxc6 Bb6 24. Nc5+ Bxc5 25. Bxa8 Bb6 26. Bg3 Re2 27. Rd6+ Ke7 28. Bf3 Re3 29. Rd1 Kf6 30. Bf2 Re6 31. Bxb6 axb6 32. c4 Kf5 33. b4 Kf4 34. c5 bxc5 35. bxc5 1-0

[Event "Mazowiec-chT 1617"]
[Site "Warsaw"]
[Date "2016.12.11"]
[Round "1.13"]
[White "Lukasik, Adam"]
[Black "Kaczmarska, Joanna"]
[Result "0-1"]
[WhiteElo "1984"]
[BlackElo "1862"]
[PlyCount "62"]
[EventDate "2016.12.11"]
[EventType "team-tourn"]
[EventRounds "10"]
[EventCountry "POL"]
[SourceTitle "EXT 2019"]
[Source "ChessBase"]
[SourceDate "2018.10.10"]
[SourceVersion "1"]
[SourceVersionDate "2018.10.10"]
[SourceQuality "1"]

1. Nf3 d5 2. d4 Nf6 3. c4 e6 4. g3 Bb4+ 5. Bd2 Be7 6. Qc2 0-0 7. Bg2 Nc6 8. 0-0 Rb8 9. Bf4 dxc4 10. Qxc4 Nd5 11. Nc3 Nxf4 12. gxf4 Bd6 13. e3 Ne7 14. Rac1 c6 15. Ne4 Bc7 16. Rfd1 Nd5 17. Qc2 h6 18. Kh1 Bd7 19. Rg1 a5 20. Bh3 Nb4 21. Qb1 Kh8 22. Rg3 f5 23. Nc5 g5 24. Nxg5 hxg5 25. Rxg5 Rf7 26. Rcg1 Rh7 27. Qd1 Qe7 28. a3 Nd5 29. Bg2 Qxg5 30. Nxd7 Qh4 31. h3 Rxd7 0-1

[Event "POL-chT 2nd League"]
[Site "Jastrzebia Gora"]
[Date "2015.09.12"]
[Round "8.56"]
[White "Zylka, Stanislaw"]
[Black "Lukasik, Adam"]
[Result "1-0"]
[WhiteElo "2213"]
[BlackElo "2003"]
[PlyCount "77"]
[EventDate "2015.09.05"]
[EventType "team-swiss"]
[EventRounds "9"]
[EventCountry "POL"]
[SourceTitle "EXT 2017"]
[Source "ChessBase"]
[SourceDate "2016.10.25"]
[SourceVersion "1"]
[SourceVersionDate "2016.10.25"]
[SourceQuality "1"]
[WhiteTeam "Podlesie UKS 21"]
[BlackTeam "Siedlce KSz Skoczek"]
[WhiteTeamCountry "POL"]
[BlackTeamCountry "POL"]

1. d4 d5 2. c4 e6 3. Nf3 Nf6 4. g3 Be7 5. Bg2 0-0 6. 0-0 c6 7. Nc3 Nbd7 8. Qc2 b6 9. cxd5 cxd5 10. Nb5 Bb7 11. Bf4 Ne8 12. Rac1 a6 13. Na3 g5 14. Be3 h6 15. Ne5 Nxe5 16. dxe5 f5 17. exf6 Rxf6 18. Bd4 Rf5 19. Bh3 Bf6 20. Bxf5 exf5 21. Qd3 Nd6 22. Nc2 Bxd4 23. Nxd4 Qf6 24. Rc7 Rf8 25. Rfc1 Bc8 26. R1c6 Qe5 27. Nf3 Qe6 28. Rxb6 Bd7 29. Qxa6 Rf6 30. Rb8+ Kg7 31. Rd8 Rf7 32. Nd4 Qe4 33. Rdxd7 Qb1+ 34. Kg2 Qe4+ 35. Nf3 Rxd7 36. Rxd7+ Nf7 37. Rxf7+ Kxf7 38. Qd3 Qe6 39. Nd4 1-0

[Event "Mazowiec-chT 1415"]
[Site "Warsaw"]
[Date "2015.03.01"]
[Round "6.8"]
[White "Starczewska, Malgorzata"]
[Black "Lukasik, Adam"]
[Result "0-1"]
[WhiteElo "1820"]
[BlackElo "1976"]
[PlyCount "102"]
[EventDate "2015.01.11"]
[EventType "team-tourn"]
[EventRounds "7"]
[EventCountry "POL"]
[SourceTitle "EXT 2019"]
[Source "ChessBase"]
[SourceDate "2018.10.10"]
[SourceVersion "1"]
[SourceVersionDate "2018.10.10"]
[SourceQuality "1"]

1. e4 d6 2. d4 Nf6 3. Nc3 e5 4. dxe5 dxe5 5. Qxd8+ Kxd8 6. Bg5 Be6 7. 0-0-0+ Nbd7 8. Nd5 Kc8 9. f3 Bc5 10. Ne2 c6 11. Ndc3 b5 12. g3 h6 13. Bd2 Nb6 14. Bg2 b4 15. Nb1 Bxa2 16. f4 Kc7 17. b3 Rhd8 18. fxe5 Ng4 19. Bf4 g5 20. Bd2 Nf2 21. Rdf1 Nxh1 22. Rxf7+ Rd7 23. Rf6 Nf2 24. e6 Ng4 25. Rf5 Rxd2 26. Nxd2 Be3 27. Ra5 Rd8 28. e7 Rxd2 29. e8Q Rd8+ 30. Kb2 Rxe8 31. Kxa2 Kb7 32. Rf5 Nxh2 33. Rf7+ Kb8 34. Kb2 Re6 35. Nc1 Bd4+ 36. Kb1 Rf6 37. Rxf6 Bxf6 38. Nd3 a5 39. e5 Be7 40. Bxc6 Ng4 41. Be4 Nd7 42. e6 Nc5 43. Bf5 Nxd3 44. cxd3 Ne3 45. Bg6 Kc7 46. Kc1 Kd6 47. Bf7 Kd5 48. Kd2 Nf1+ 49. Ke2 Nxg3+ 50. Kf3 Nf5 51. Bh5 Nd4+ 0-1

[Event "POL-chT 2nd League"]
[Site "Szczyrk"]
[Date "2014.09.12"]
[Round "7.87"]
[White "Lukasik, Adam"]
[Black "Winiarski, Mikolaj"]
[Result "1/2-1/2"]
[WhiteElo "1968"]
[BlackElo "2112"]
[PlyCount "121"]
[EventDate "2014.09.06"]
[EventType "team-swiss"]
[EventRounds "9"]
[EventCountry "POL"]
[SourceTitle "EXT 2015"]
[Source "ChessBase"]
[SourceDate "2014.11.20"]
[SourceVersion "1"]
[SourceVersionDate "2014.11.20"]
[SourceQuality "1"]
[WhiteTeam "Siedlce KSz Skoczek"]
[BlackTeam "Chylice KS Laura"]
[WhiteTeamCountry "POL"]
[BlackTeamCountry "POL"]

1. Nf3 Nf6 2. b3 g6 3. Bb2 Bg7 4. g3 0-0 5. Bg2 c5 6. c4 Nc6 7. 0-0 d6 8. e3 e5 9. d3 Bd7 10. Nc3 Qc8 11. d4 cxd4 12. exd4 Bg4 13. d5 Nd4 14. Re1 Ne8 15. Na4 Bxf3 16. Bxf3 Nxf3+ 17. Qxf3 f5 18. Qe2 b6 19. f3 Qd7 20. Rac1 f4 21. g4 Bf6 22. Nc3 Bh4 23. Rf1 Rf7 24. Ne4 Nf6 25. Rc2 h5 26. h3 hxg4 27. fxg4 Raf8 28. Rc3 Nxe4 29. Qxe4 Kh7 30. a3 a5 31. Kg2 Kh6 32. Bc1 Kg7 33. Bd2 Qd8 34. Rff3 Bg3 35. Be1 Bxe1 36. Qxe1 Qe7 37. Qe4 Rh8 38. Rc2 Qh4 39. b4 axb4 40. axb4 Qe7 41. Ra2 Rc8 42. Rc3 Rcf8 43. Rf3 Rc8 44. Rc3 b5 45. c5 dxc5 46. Ra6 Rf6 47. Rxf6 Qxf6 48. Rxc5 f3+ 49. Qxf3 Rxc5 50. bxc5 Qxf3+ 51. Kxf3 Kf7 52. c6 Ke7 53. h4 b4 54. h5 gxh5 55. gxh5 b3 56. h6 b2 57. h7 b1Q 58. h8Q Qd3+ 59. Kf2 Qd4+ 60. Ke2 Qe4+ 61. Kf2 1/2-1/2

[Event "Mazowiec-chT 1213"]
[Site "Poland"]
[Date "2013.01.27"]
[Round "6.18"]
[White "Lukasik, Adam"]
[Black "Paziewski, Marcin"]
[Result "1-0"]
[WhiteElo "1980"]
[BlackElo "1767"]
[PlyCount "47"]
[EventDate "2013.01.13"]
[EventType "team-tourn"]
[EventRounds "10"]
[EventCountry "POL"]
[SourceTitle "EXT 2019"]
[Source "ChessBase"]
[SourceDate "2018.10.10"]
[SourceVersion "1"]
[SourceVersionDate "2018.10.10"]
[SourceQuality "1"]

1. d4 d5 2. Nf3 Nf6 3. c4 dxc4 4. e3 e6 5. Bxc4 c5 6. 0-0 a6 7. Nbd2 b5 8. Bd3 Nc6 9. a4 c4 10. axb5 cxd3 11. bxc6 Nd5 12. Ne5 Nb4 13. Ndc4 Qc7 14. Nxd3 Nxd3 15. Qxd3 Qxc6 16. Ne5 Qb6 17. Bd2 Bd6 18. Nc4 Qd8 19. Qe4 Rb8 20. Qc6+ Ke7 21. e4 Bb7 22. Qxd6+ Qxd6 23. Nxd6 Kxd6 24. Bf4+ 1-0

[Event "Mazowiec-chT 1213"]
[Site "Poland"]
[Date "2013.01.20"]
[Round "4.3"]
[White "Harazinski, Adam"]
[Black "Lukasik, Adam"]
[Result "0-1"]
[WhiteElo "1943"]
[BlackElo "1980"]
[PlyCount "60"]
[EventDate "2013.01.13"]
[EventType "team-tourn"]
[EventRounds "10"]
[EventCountry "POL"]
[SourceTitle "EXT 2019"]
[Source "ChessBase"]
[SourceDate "2018.10.10"]
[SourceVersion "1"]
[SourceVersionDate "2018.10.10"]
[SourceQuality "1"]

1. Nf3 Nf6 2. c4 e6 3. Nc3 d5 4. d4 Nbd7 5. Bg5 h6 6. Bh4 Be7 7. e3 0-0 8. Bd3 dxc4 9. Bxc4 c5 10. dxc5 Nxc5 11. 0-0 a6 12. b4 Ncd7 13. b5 Qc7 14. Nd2 Nb6 15. Bg3 Qc5 16. Qe2 Rd8 17. Ncb1 Nxc4 18. Nxc4 axb5 19. Ne5 Rd5 20. Nd3 Qc4 21. Nf4 Qxe2 22. Nxe2 b4 23. Nd4 Bd7 24. Nd2 Rda5 25. Nc4 Rxa2 26. Rab1 Nd5 27. Nd6 R8a6 28. Nc4 f6 29. f4 b5 30. Nb2 Nc3 0-1